[Event "Xtracon Open 2018"]
[Site "Helsingor"]
[Date "2018.07.29"]
[Round "10"]
[White "Nielsen, Andre"]
[Black "Sawatzki, Frank"]
[Result "1/2-1/2"]
[WhiteElo "2178"]
[BlackElo "2380"]
[Annotator "NA"]
[PlyCount "83"]
[EventDate "2018.07.21"]
[EventType "swiss"]
[EventCountry "DEN"]
[SourceTitle "playchess.com"]
[Source "ChessBase"]
[SourceQuality "1"]

1. e4 c5 2. Nf3 e6 3. d4 cxd4 4. Nxd4 Nc6 5. Nc3 Qc7 6. Be2 Nf6 7. Be3 Be7 8. O-O O-O 9. f4 d6 10. Qe1 Nxd4 11. Bxd4 e5 12. Be3 exf4 13. Rxf4 Be6 14. Bd4 Nd7 15. Nd5 Bxd5 16. exd5 Ne5 17. c4 f5 18. Qg3 Rf7 19. Raf1 Raf8 20. Qc3 Nd7 21. g4 Bf6 22. Rxf5 Bxd4+ 23. Qxd4 Rxf5 24. Rxf5 Rxf5 25. gxf5 a5 26. Kg2 Qd8 27. Qe3 Kf8 28. b3 Qe7 29. Qxe7+ Kxe7 30. Kf3 Kf6 31. Kf4 Nc5 32. h3 a4 33. bxa4 Nxa4 34. a3 b6 35. h4 Nc5 36. Bf1 h6 37. Be2 Na4 38. Bd1 Nb2 39. Be2 Na4 40. Bd1 Nb2 41. Be2 Na4 42. Ke4 1/2-1/2

[Event "Xtracon Open 2018"]
[Site "Helsingor"]
[Date "2018.07.29"]
[Round "10"]
[White "Kistrup, Nicolai"]
[Black "Thogersen, Rasmus"]
[Result "1/2-1/2"]
[WhiteElo "2154"]
[BlackElo "2297"]
[Annotator "NA"]
[PlyCount "136"]
[EventDate "2018.07.21"]
[EventType "swiss"]
[EventCountry "DEN"]
[SourceTitle "playchess.com"]
[Source "ChessBase"]
[SourceQuality "1"]

1. d4 Nf6 2. c4 g6 3. Nc3 Bg7 4. e4 d6 5. Nf3 O-O 6. h3 Na6 7. Bd3 e5 8. d5 Nh5 9. g3 f5 10. exf5 gxf5 11. Bc2 Qe8 12. Qe2 Bd7 13. Be3 f4 14. gxf4 Nxf4 15. Bxf4 Rxf4 16. Ng5 e4 17. Bxe4 Nc5 18. Bxh7+ Kh8 19. Bc2 Bf5 20. O-O-O Bxc3 21. Qxe8+ Rxe8 22. bxc3 Bxc2 23. Kxc2 Rxf2+ 24. Rd2 Ree2 25. Rhd1 Kg7 26. Rxe2 Rxe2+ 27. Rd2 Re3 28. h4 Kg6 29. Rh2 Na4 30. Kb3 Nxc3 31. Rh3 Rxh3 32. Nxh3 Ne2 33. Ng5 Nf4 34. Ka4 Kf5 35. Kb5 a6+ 36. Ka5 Ke5 37. Nf3+ Ke4 38. Ng5+ Ke5 39. Nf3+ Ke4 40. Ng5+ Kf5 41. Nf7 Kg4 42. Nd8 b5 43. cxb5 axb5 44. Kxb5 Nxd5 45. a3 Kxh4 46. Ne6 Kg4 47. Kc6 Nc3 48. Nxc7 Kf5 49. Kxd6 Ke4 50. Kc5 Ke5 51. Nb5 Na4+ 52. Kc6 Nb2 53. Kc5 Na4+ 54. Kb4 Nb6 55. Nc3 Kd6 56. Kb5 Kc7 57. Ne4 Kb7 58. Nc5+ Ka7 59. Nb3 Nd5 60. Kc5 Nc3 61. Kc4 Na4 62. Kb4 Nb2 63. Nd4 Kb6 64. Ne6 Nd3+ 65. Kc4 Ka5 66. Nd4 Ka4 67. Nc2 Ne1 68. Nxe1 Kxa3 1/2-1/2

[Event "Xtracon Open 2018"]
[Site "Helsingor"]
[Date "2018.07.29"]
[Round "10"]
[White "Nielsen, Thomas Bach"]
[Black "Ramsdal, Jens Albert"]
[Result "*"]
[WhiteElo "2111"]
[BlackElo "2259"]
[Annotator "NA"]
[PlyCount "22"]
[EventDate "2018.07.21"]
[EventType "swiss"]
[EventCountry "DEN"]
[SourceTitle "playchess.com"]
[Source "ChessBase"]
[SourceQuality "1"]

1. d4 Nf6 2. c4 g6 3. Nc3 Bg7 4. e4 d6 5. h3 O-O 6. Nf3 c5 7. d5 e6 8. Bd3 exd5 9. exd5 Re8+ 10. Be3 Bh6 11. O-O Bg5 *

[Event "Xtracon Open 2018"]
[Site "Helsingor"]
[Date "2018.07.29"]
[Round "10"]
[White "Greeuw, Sietske"]
[Black "Jann-Christian Tiarks"]
[Result "1/2-1/2"]
[WhiteElo "1998"]
[BlackElo "2179"]
[Annotator "NA"]
[PlyCount "27"]
[EventDate "2018.07.21"]
[EventType "swiss"]
[EventCountry "DEN"]
[SourceTitle "playchess.com"]
[Source "ChessBase"]
[SourceQuality "1"]

1. e4 c5 2. c3 d5 3. exd5 Qxd5 4. d4 Nf6 5. Nf3 Bg4 6. Be2 e6 7. O-O Be7 8. Na3 Nc6 9. Be3 cxd4 10. Nb5 Qd8 11. Nbxd4 Nxd4 12. Nxd4 Bxe2 13. Qxe2 O-O 14. Bc1 1/2-1/2

[Event "Xtracon Open 2018"]
[Site "Helsingor"]
[Date "2018.07.29"]
[Round "10"]
[White "Ken Ronny Schouten"]
[Black "Hviid, Hans Henrik"]
[Result "1/2-1/2"]
[WhiteElo "1309"]
[BlackElo "1173"]
[Annotator "NA"]
[PlyCount "94"]
[EventDate "2018.07.21"]
[EventType "swiss"]
[EventCountry "DEN"]
[SourceTitle "playchess.com"]
[Source "ChessBase"]
[SourceQuality "1"]

1. d4 d5 2. Bf4 e6 3. e3 Nf6 4. Nf3 c5 5. c3 Ne4 6. Bd3 cxd4 7. exd4 Bd6 8. Bg3 Nxg3 9. hxg3 e5 10. Rxh7 Rxh7 11. Bxh7 g6 12. Nxe5 Bxe5 13. Qe2 Qe7 14. Qxe5 Qxe5+ 15. dxe5 Kf8 16. Nd2 Kg7 17. Bxg6 Kxg6 18. f4 Nc6 19. Kf2 Bf5 20. Rh1 Kg7 21. Kf3 Rh8 22. Rxh8 Kxh8 23. g4 Bc2 24. g5 Kg7 25. g4 Nd8 26. f5 Kf8 27. Kf4 Ke7 28. Nf3 b5 29. b4 Nc6 30. Nh4 d4 31. cxd4 Nxd4 32. g6 fxg6 33. Nxg6+ Kf7 34. Kg5 Bb1 35. Nh8+ Ke8 36. a3 Nc2 37. f6 Ba2 38. Kf5 Nxa3 39. g5 Nc2 40. g6 Nd4+ 41. Kf4 Ne6+ 42. Kf5 Nd4+ 43. Ke4 Nc6 44. Nf7 Nxb4 45. Nd6+ Kd8 46. Nxb5 a6 47. Nc3 Bb3 1/2-1/2